Southville International School and Colleges
Your cart is empty.
  • Cart
  • Lists
    Public lists list_1 View all
    Your lists Log in to create your own lists
  • Log in to your account
  • Your cookies
  • Search history
Southville International School and Colleges
  • Advanced search
  • Recent comments
  • Most popular
  • Libraries

Log in to your account

Log in with GOOGLE


If you do not have an external account, but do have a local account, you can still log in:

  1. Home
  2. MARC view: Window /
Normal view MARC view ISBD view

Window / (Record no. 103581)

[ view plain ]
MARC details
000 -LEADER
fixed length control field 00427nam a2200157 a 4500
005 - DATE AND TIME OF LATEST TRANSACTION
control field 20140412111304.0
008 - FIXED-LENGTH DATA ELEMENTS--GENERAL INFORMATION
fixed length control field 010420s19uu xx 00 eng d
020 ## - INTERNATIONAL STANDARD BOOK NUMBER
International Standard Book Number 1-85681-010-0
050 ## - LIBRARY OF CONGRESS CALL NUMBER
Classification number M 823
Item number B34 1994
100 ## - MAIN ENTRY--PERSONAL NAME
Personal name Baker, Jeannie
245 ## - TITLE STATEMENT
Title Window /
Statement of responsibility, etc story and pictures by Jeannie Baker.
260 ## - PUBLICATION, DISTRIBUTION, ETC. (IMPRINT)
Place of publication, distribution, etc London :
Name of publisher, distributor, etc Julia MacRae Books,
Date of publication, distribution, etc 1991.
300 ## - PHYSICAL DESCRIPTION
Extent 1v. (unp.) ; ill.
650 ## - SUBJECT ADDED ENTRY--TOPICAL TERM
Topical term or geographic name as entry element Title.
Holdings
Withdrawn status Lost status Damaged status Use restrictions Home library Current library Shelving location Date acquired Source of acquisition Total Checkouts Full call number Barcode Date last seen Price effective from Koha item type
        Elizalde Library Elizalde Library Main Section 04/20/2001     M 823 B34 1994 E5387 04/12/2014 04/12/2014 Books

Window /

APA

Baker J., . (1991). Window. London: Julia MacRae Books.

Chicago

Baker Jeannie, . 1991. Window. London: Julia MacRae Books.

Harvard

Baker J., . (1991). Window. London: Julia MacRae Books.

MLA

Baker Jeannie, . Window. London: Julia MacRae Books. 1991.

  • Place hold
  • Print
  • Cite
  • Add to your cart (remove)
  • Save record
    BIBTEX Dublin Core MARCXML MARC (non-Unicode/MARC-8) MARC (Unicode/UTF-8) MARC (Unicode/UTF-8, Standard) MODS (XML) RIS
  • More searches
    Search for this title in:
    Other Libraries (WorldCat) Other Databases (Google Scholar) Online Stores (Bookfinder.com) Open Library (openlibrary.org)

Exporting to Dublin Core...

SOUTHVILLE LIBRARY

Southville International School and Colleges Library

1281 Tropical Ave. Cor. Luxembourg St., BF Homes International, Las Pinas City

Tel. No. 8256374 / 252358 Loc. 117/146

Powered by Koha